La sífilis con especial consideración de los órganos internos... / (Record no. 101616)

MARC details
000 -LEADER
campo de control de longitud fija 00897nam a2200241 i 4500
001 - NÚMERO DE CONTROL
campo de control 101616
003 - IDENTIFICADOR DE NÚMERO DE CONTROL
campo de control ES-MaACL
005 - FECHA Y HORA DE LA ÚLTIMA TRANSACCIÓN
campo de control 20250806075141.0
007 - CAMPO FIJO DE DESCRIPCIÓN FÍSICA--INFORMACIÓN GENERAL
campo de control de longitud fija t|
008 - DATOS DE LONGITUD FIJA--INFORMACIÓN GENERAL
campo de control de longitud fija 051021s1925 sp ||||1| spa d
100 1# - ENTRADA PRINCIPAL--NOMBRE DE PERSONA
Nombre de persona Meirowsky, Emil.
9 (RLIN) 79852
245 13 - MENCIÓN DEL TÍTULO
Título La sífilis con especial consideración de los órganos internos... /
Mención de responsabilidad, etc. bajo la dirección de E. Meirowsky y F. Pinkus; con un apéndice del Prof. Dr. A. von Wassemann; traducido por Ignacio Bofill.
260 ## - PUBLICACIÓN, DISTRIBUCIÓN, ETC.
Lugar de publicación, distribución, etc. Barcelona :
Nombre del editor, distribuidor, etc. Labor,
Fecha de publicación, distribución, etc. 1925.
300 ## - DESCRIPCIÓN FÍSICA
Extensión XV, 594 p. ;
Dimensiones 24 cm.
490 1# - MENCIÓN DE SERIE
Mención de serie especialidades en la medicina práctica ;
Designación de volumen o secuencia VII
650 04 - PUNTO DE ACCESO ADICIONAL DE MATERIA--TÉRMINO DE MATERIA
Término de materia o nombre geográfico como elemento de entrada Sífilis.
9 (RLIN) 17092
700 1# - ENTRADA AGREGADA--NOMBRE PERSONAL
Nombre de persona Wassermann, August von.
9 (RLIN) 116153
700 1# - ENTRADA AGREGADA--NOMBRE PERSONAL
Nombre de persona Pinkus, F.
9 (RLIN) 92155
700 1# - ENTRADA AGREGADA--NOMBRE PERSONAL
Nombre de persona Bofill, Ignacio.
9 (RLIN) 29774
830 04 - PUNTO DE ACCESO ADICIONAL DE SERIE-TÍTULO UNIFORME
Título uniforme Las especialidades en la medicina práctica
Designación de volumen o secuencia VII
9 (RLIN) 182799
852 ## - LOCALIZACIÓN
Ubicación ES-MaACL
Número de control de estantería C-6698
Holdings
Estatus retirado Estado de pérdida Estado de daño No para préstamo Biblioteca de origen Biblioteca actual Ubicación en estantería Fecha de adquisición Fuente de adquisición Total de préstamos Signatura topográfica completa Código de barras Visto por última vez Precio de reemplazo Tipo de ítem Koha
        Biblioteca del Ateneo de Madrid Biblioteca del Ateneo de Madrid Sala Palomar 17/01/2008     C-6698 1106088 23/02/2023 23/02/2023 Libro impreso